000 00543nam a2200181Ia 4500
005 20250508154653.0
008 008 250505s9999 xx 000 0 eng d
037 _aTextual
040 _aFEDL
_beng
_cFEDL
041 _aeng
_2eng
084 _a153015, KAU
_qFEDL
100 _aKausler Donald H. Ed.
245 0 _aReadings in verbal learning: Contemporary theory and research
260 _aNew York, USA
_bJohn Wiley and Sons, Inc.
_c1966
300 _axii,578p
942 _cTEXL
_h153015, KAU
999 _c1351510
_d1351510